<?xml version="1.0" encoding="UTF-8"?><record xmlns="http://www.loc.gov/MARC21/slim" xmlns:zs="http://docs.oasis-open.org/ns/search-ws/sruResponse">
  <leader>02291nkd a22004213a 4500</leader>
  <controlfield tag="001">22129423</controlfield>
  <controlfield tag="005">20250607110250.0</controlfield>
  <controlfield tag="007">cr |||||||||||</controlfield>
  <controlfield tag="007">ki c||</controlfield>
  <controlfield tag="008">210707s2020    xxunnn       |    kneng  </controlfield>
  <datafield ind1=" " ind2=" " tag="035">
    <subfield code="a">22129423</subfield>
  </datafield>
  <datafield ind1=" " ind2=" " tag="906">
    <subfield code="a">0</subfield>
    <subfield code="b">cbc</subfield>
    <subfield code="c">orignew</subfield>
    <subfield code="d">u</subfield>
    <subfield code="e">ncip</subfield>
    <subfield code="f">20</subfield>
    <subfield code="g">y-printpho</subfield>
  </datafield>
  <datafield ind1=" " ind2=" " tag="955">
    <subfield code="a">pnpi qw63 2021-07</subfield>
  </datafield>
  <datafield ind1=" " ind2=" " tag="010">
    <subfield code="a">  2020743151</subfield>
  </datafield>
  <datafield ind1=" " ind2=" " tag="037">
    <subfield code="a">LC-DIG-highsm-66021</subfield>
    <subfield code="b">DLC</subfield>
    <subfield code="c">(original digital file)</subfield>
  </datafield>
  <datafield ind1=" " ind2=" " tag="040">
    <subfield code="a">DLC</subfield>
    <subfield code="b">eng</subfield>
    <subfield code="c">DLC</subfield>
    <subfield code="e">dcrmg</subfield>
  </datafield>
  <datafield ind1="0" ind2="0" tag="050">
    <subfield code="a">LC-DIG-highsm-</subfield>
    <subfield code="b">66021</subfield>
  </datafield>
  <datafield ind1="1" ind2=" " tag="100">
    <subfield code="a">Highsmith, Carol M.,</subfield>
    <subfield code="d">1946-</subfield>
    <subfield code="e">photographer.</subfield>
  </datafield>
  <datafield ind1="1" ind2="0" tag="245">
    <subfield code="a">Part of the epic, controversial, 2005 sculpture grouping "La Jornada," by artists Sonny Rivera and Betty Sabo, in Albuquerque, the largest city in New Mexico</subfield>
    <subfield code="h">[graphic].</subfield>
  </datafield>
  <datafield ind1=" " ind2=" " tag="260">
    <subfield code="c">2020-12-22.</subfield>
  </datafield>
  <datafield ind1=" " ind2=" " tag="300">
    <subfield code="a">1 photograph :</subfield>
    <subfield code="b">digital, tiff file, color.</subfield>
  </datafield>
  <datafield ind1=" " ind2=" " tag="336">
    <subfield code="a">still image</subfield>
    <subfield code="b">sti</subfield>
    <subfield code="2">rdacontent</subfield>
  </datafield>
  <datafield ind1=" " ind2=" " tag="337">
    <subfield code="a">computer</subfield>
    <subfield code="b">c</subfield>
    <subfield code="2">rdamedia</subfield>
  </datafield>
  <datafield ind1=" " ind2=" " tag="338">
    <subfield code="a">online resource</subfield>
    <subfield code="b">cr</subfield>
    <subfield code="2">rdacarrier</subfield>
  </datafield>
  <datafield ind1=" " ind2=" " tag="500">
    <subfield code="a">Title, date, keywords, and additional description details based on information provided by the photographer.</subfield>
  </datafield>
  <datafield ind1=" " ind2=" " tag="500">
    <subfield code="a">It depicts Spanish conquistadors leading the first European colonists into New Mexico in 1598. Following protests over the colonization aspects of the statue in 2020, in which a protestor was shot and injured by a bystander, one of the figures, of Don Juan de Onate, the expedition's leader, was removed.</subfield>
  </datafield>
  <datafield ind1=" " ind2=" " tag="540">
    <subfield code="a">No known restrictions on publication.</subfield>
  </datafield>
  <datafield ind1=" " ind2=" " tag="541">
    <subfield code="c">Purchase;</subfield>
    <subfield code="a">Carol M. Highsmith Photography, Inc.;</subfield>
    <subfield code="d">2020;</subfield>
    <subfield code="e">(DLC/PP-2020:133).</subfield>
  </datafield>
  <datafield ind1=" " ind2=" " tag="580">
    <subfield code="a">Forms part of Carol M. Highsmith's America Project in the Carol M. Highsmith Archive.</subfield>
  </datafield>
  <datafield ind1=" " ind2=" " tag="653">
    <subfield code="a">America</subfield>
    <subfield code="a">La Jornada sculpture</subfield>
    <subfield code="a">Sonny Rivera</subfield>
    <subfield code="a">Betty Sabo</subfield>
    <subfield code="a">Don Juan de Onate</subfield>
    <subfield code="a">Colonization sculpture protest</subfield>
  </datafield>
  <datafield ind1=" " ind2="7" tag="655">
    <subfield code="a">Digital photographs</subfield>
    <subfield code="x">Color</subfield>
    <subfield code="y">2020.</subfield>
    <subfield code="2">gmgpc</subfield>
  </datafield>
  <datafield ind1=" " ind2=" " tag="662">
    <subfield code="a">United States</subfield>
    <subfield code="b">New Mexico</subfield>
    <subfield code="c">Bernalillo County</subfield>
    <subfield code="d">Albuquerque.</subfield>
    <subfield code="2">local</subfield>
  </datafield>
  <datafield ind1="0" ind2=" " tag="773">
    <subfield code="a">Highsmith, Carol M., 1946-</subfield>
    <subfield code="t">Carol M. Highsmith Archive.</subfield>
    <subfield code="w">(DLC)  00650024</subfield>
  </datafield>
  <datafield ind1=" " ind2=" " tag="852">
    <subfield code="a">Library of Congress </subfield>
    <subfield code="b"> Prints and Photographs Division</subfield>
    <subfield code="e">Washington, D.C. 20540 USA</subfield>
    <subfield code="n">dcu</subfield>
    <subfield code="u">https://hdl.loc.gov/loc.pnp/pp.print</subfield>
  </datafield>
  <datafield ind1="4" ind2="0" tag="856">
    <subfield code="3">original digital file</subfield>
    <subfield code="d">highsm</subfield>
    <subfield code="f">66021</subfield>
    <subfield code="q">p</subfield>
    <subfield code="u">https://hdl.loc.gov/loc.pnp/highsm.66021</subfield>
  </datafield>
  <datafield ind1=" " ind2=" " tag="985">
    <subfield code="a">pp/highsm</subfield>
  </datafield>
  <datafield ind1=" " ind2=" " tag="985">
    <subfield code="a">pp/diof</subfield>
  </datafield>
  <datafield ind1=" " ind2=" " tag="991">
    <subfield code="b">c-P&amp;P</subfield>
    <subfield code="m">(ONLINE)</subfield>
  </datafield>
</record>
